MDQL
is popping MORE tags! Check the
thread
!
Quizzes
Events
Quiz Creation
Community
Videos
Private Events
Remove Ads
Sign In
Join for FREE
Feedback
Dark Mode
Quiz Categories
Sports
Geography
Music
Movies
Television
Just For Fun
Miscellaneous
History
Literature
Language
Science
Gaming
Entertainment
Religion
Holiday
For Kids
Quiz Lab
Recent
Popular Today
Quiz Kudos Today
Editor Picks
Curator Picks
Quizzes by...
Day
Popularity
Type
Ratings
Length
Year
Community
Subscriptions
Recent Discussions
Orange Saloon
Badges
Playlists
Quests
Create
Leaderboards
Showdown
Live 5
Trivia Bingo
Activity
Puzzle Library
Sporcle Events
Private Events
Virtual Trivia
Globe League
Become a Host
Pub Owners
SporcleCon
Opinionation
Our Games
Videos
Blog
Mobile Apps
Partnerships
Remove Ads and Go Orange
Feedback
Music
Pop Music
The Beatles
Song
Album
Lyrics
Bands
Singers
Artist
Clip
Rock
Rap
Classical
Billboard
Country Music
Kpop
Taylor Swift
Music
Pop Music
The Beatles
Song
Album
Lyrics
Bands
Singers
Artist
Clip
Rock
Rap
Classical
Billboard
Country Music
Kpop
Taylor Swift
Random Quiz
Search Sporcle
×
Quiz Lab
Quiz Lab
Music
Song
Type in answers that appear in a list
Type in answers that appear in a list
Classic
Best Score? Go Orange.
The All-American Rejects Songs Stats
Can you name the The All-American Rejects Songs?
By
JJBDude
10m
45 Questions
154 Plays
154 Plays
154 Plays
Comments
Comments
Give Quiz Kudos
Give Quiz Kudos
-
- Ratings
hide this ad
Replay
Link that replays current quiz
Next Quiz
Link to next quiz in quiz playlist
You Got
0%
They Got
Avg Score
51%
Avg Friend Score
Upgrade to see
Score Distribution
Jump to the score distribution portion of the page
Score
0/45
Timer
10:00
0
Plays Today
Album
Name of Song
% Correct
Move Along
Move Along
96.1%
When the World Comes Down
Gives You Hell
89%
Move Along
Dirty Little Secret
87.7%
The All-
American Rejects
Swing, Swing
83.1%
Move Along
It Ends Tonight
81.2%
When the World Comes Down
I Wanna
74%
When the World Comes Down
Mona Lisa
68.8%
The All-
American Rejects
The Last Song
65.6%
The All-
American Rejects
My Paper Heart
63.6%
When the World Comes Down
Damn Girl
63.6%
Move Along
Top of the World
61%
When the World Comes Down
The Wind Blows
60.4%
Move Along
Change Your Mind
59.7%
When the World Comes Down
Another Heart Calls
59.7%
Move Along
Stab My Back
58.4%
Move Along
Night Drive
58.4%
Move Along
Night Drive
58.4%
Move Along
11:11 PM
57.8%
When the World Comes Down
Breakin'
57.1%
When the World Comes Down
Real World
57.1%
The All-
American Rejects
Time Stands Still
53.9%
Move Along
Dance Inside
53.9%
Move Along
Can't Take It
52.6%
Album
Name of Song
% Correct
The All-
American Rejects
Your Star
51.9%
Move Along
Straightjacket Feeling
49.4%
When the World Comes Down
Believe
49.4%
When the World Comes Down
Fallin' Apart
48.1%
When the World Comes Down
Sunshine
48.1%
When the World Comes Down
Back to Me
47.4%
The All-
American Rejects
Drive Away
46.1%
The All-
American Rejects
Why Worry
42.9%
The All-
American Rejects
Happy Endings
42.2%
The All-
American Rejects
One More Sad Song
41.6%
Move Along
I'm Waiting
40.9%
The All-
American Rejects
Don't Leave Me
36.4%
The All-
American Rejects
Too Far Gone
34.4%
Almost Alice
The Poison
33.8%
Move Along
Eyelash Wishes
28.6%
The All-
American Rejects
The Cigarette Song
26%
Move Along
Kiss Yourself
22.1%
When the World Comes Down
Here I Sit
22.1%
Move Along
Bite Back
19.5%
When the World Comes Down
On The Floor
16.2%
When the World Comes Down
Stay
14.3%
When the World Comes Down
Sierra's Song
13%
Quiz Playlist
Details
Report
Send in Message
Add To Playlist
Classic:
Type in answers that appear in a list
Last Updated: Feb 16, 2017
Quiz Scoreboard
CHALLENGE
Sign Up to Join the Scoreboard
Show All
Scores
Hide
Comments
May contain spoilers
Recently Published
Street Fighter Characters
by Artimus82
Gaming
60s
9x9 Crossword: Cartoon Network
by jackfrog10
Miscellaneous
3m
College Basketball Coaching Resumes
by pancakes188
Sports
9m
More to Explore
Quiz From the Vault
Featured Blog Post
Where Did the Easter Bunny Come From?
hide this ad
You Might Also Like...
Tags
Album Quiz
Song Quiz
All-American
reject
Today's Top Quizzes in Music
Browse Music
hide this ad
Today's Top Quizzes in Song
Browse Song
Top Contributed Quizzes in Music
1
Taylor Swift All Songs (2024)
2
Taylor Swift Logic Puzzle
3
Guess the Artist- 70s Songs
4
7-to-1: Billboard Hot 100 #1 Hits of 2010s
5
Sorting Albums and Songs
6
KPOP LOGIC QUIZ
7
Guess the Taylor Swift song (Mystery Song)
8
Guess The Taylor Swift Lyrics Song #1
9
Billboard Blitz: ABBA
10
Billboard Blitz: The Beatles
Explore More
Trending Topics
Anime
Kpop
Crossword
Harry Potter
Disney
Marvel
NBA
NFL
The Office
WWE
Pokémon
Country
Song
Soccer
Puzzle
hide this ad
More By:
JJBDude
Quiz
Plays
Rating
Category
Featured
Created
The All-American Rejects Songs
154
Music
Apr 30, 2010
Go to Creator's Profile
Score Distribution
Quiz Creator Spotlight
JJBDude
Follow
Send a Message
Quizzes Created
-
Created Quiz Play Count
-
More By This Creator
Popular Quizzes Today
1
Find the US States - No Outlines Minefield
2
Find the Countries of Europe - No Outlines Minefield
3
The Countries of the World
4
Find the US States
5
Risky Map Clicking: Biggest States A-Z
6
US States
7
Popular People in 1961
8
Movies - When Are They Set?
More Music Quizzes
Members of Female Kpop Groups: Surname Version
Quiz Lab
Trending Quizzes
Risky Map Clicking: Least Populous States A-Z
Countries of the World: 200 Million BC
Billboard Blitz: Aretha Franklin
1-10 Letter G Words
Famous Russians: Author or Composer?
Recently Updated
Leaping Animals
pecheneg
Reality TV Shows (A-Z)
bhenderson79
Rickey Henderson's Hall of Fame Teammates
pecheneg
Champions League XIs: Arsenal
pecheneg
Quick Pick: Celebrities in WWE's Hall of Fame
aduchscher
A-Z Keypad Blitz II
pecheneg
Multiple Oscar Actors
pecheneg
Mystery Phrase Blitz: Oscar 'Best Actors'
pecheneg
F. Scott Fitzgerald Novels
LTH
Pick 3 Villains
ddd62291
Trending Topics
Anime
Marvel
Harry Potter
Disney
Kpop
Crossword
NBA
Pokémon
Soccer
Country
NFL
Song
WWE
Puzzle
The Office
Your Account Isn't Verified!
In order to create a playlist on Sporcle, you need to verify the email address you used during registration. Go to your
Sporcle Settings
to finish the process.
Report this User
Report this user for behavior that violates our
Community Guidelines
.
Details:
Send Report
Go to the Sporcle.com Mobile Site →
Comments